<?xml version="1.0" encoding="UTF-8"?>
<record
    xmlns:xsi="http://www.w3.org/2001/XMLSchema-instance"
    xsi:schemaLocation="http://www.loc.gov/MARC21/slim http://www.loc.gov/standards/marcxml/schema/MARC21slim.xsd"
    xmlns="http://www.loc.gov/MARC21/slim">

  <leader>     nam a22     7a 4500</leader>
  <datafield tag="999" ind1=" " ind2=" ">
    <subfield code="c">43841</subfield>
    <subfield code="d">43841</subfield>
  </datafield>
  <controlfield tag="003">OSt</controlfield>
  <controlfield tag="005">20180227123850.0</controlfield>
  <controlfield tag="008">180227b        xxu||||| |||| 00| 0 eng d</controlfield>
  <datafield tag="040" ind1=" " ind2=" ">
    <subfield code="c">sero soft</subfield>
  </datafield>
  <datafield tag="100" ind1=" " ind2=" ">
    <subfield code="a">DIWAN ,PARAS</subfield>
  </datafield>
  <datafield tag="245" ind1=" " ind2=" ">
    <subfield code="a">MODERN HINDU LAW</subfield>
  </datafield>
  <datafield tag="260" ind1=" " ind2=" ">
    <subfield code="a">ALLAHABAD </subfield>
    <subfield code="b">ALA</subfield>
  </datafield>
  <datafield tag="300" ind1=" " ind2=" ">
    <subfield code="a">640</subfield>
  </datafield>
  <datafield tag="942" ind1=" " ind2=" ">
    <subfield code="2">ddc</subfield>
    <subfield code="c">02</subfield>
  </datafield>
  <datafield tag="952" ind1=" " ind2=" ">
    <subfield code="0">0</subfield>
    <subfield code="1">0</subfield>
    <subfield code="2">ddc</subfield>
    <subfield code="4">0</subfield>
    <subfield code="7">0</subfield>
    <subfield code="a">04</subfield>
    <subfield code="b">04</subfield>
    <subfield code="d">2018-02-27</subfield>
    <subfield code="e">WESTERN LAW HOUSE</subfield>
    <subfield code="g">625.00</subfield>
    <subfield code="i">00001407/17 24/02/2018</subfield>
    <subfield code="l">5</subfield>
    <subfield code="o">348.945DIW</subfield>
    <subfield code="p">04-B-5971</subfield>
    <subfield code="r">2021-09-03</subfield>
    <subfield code="s">2021-01-27</subfield>
    <subfield code="w">2018-02-27</subfield>
    <subfield code="y">02</subfield>
  </datafield>
  <datafield tag="952" ind1=" " ind2=" ">
    <subfield code="0">0</subfield>
    <subfield code="1">0</subfield>
    <subfield code="2">ddc</subfield>
    <subfield code="4">0</subfield>
    <subfield code="7">0</subfield>
    <subfield code="a">04</subfield>
    <subfield code="b">04</subfield>
    <subfield code="d">2018-02-27</subfield>
    <subfield code="e">WESTERN LAW HOUSE</subfield>
    <subfield code="g">625.00</subfield>
    <subfield code="i">00001407/17 24/02/2018</subfield>
    <subfield code="l">7</subfield>
    <subfield code="o">348.945DIW</subfield>
    <subfield code="p">04-B-5972</subfield>
    <subfield code="r">2024-06-28</subfield>
    <subfield code="s">2024-03-13</subfield>
    <subfield code="w">2018-02-27</subfield>
    <subfield code="y">02</subfield>
  </datafield>
  <datafield tag="952" ind1=" " ind2=" ">
    <subfield code="0">0</subfield>
    <subfield code="1">0</subfield>
    <subfield code="2">ddc</subfield>
    <subfield code="4">0</subfield>
    <subfield code="7">0</subfield>
    <subfield code="a">04</subfield>
    <subfield code="b">04</subfield>
    <subfield code="d">2018-02-27</subfield>
    <subfield code="e">WESTERN LAW HOUSE</subfield>
    <subfield code="g">625.00</subfield>
    <subfield code="i">00001407/17 24/02/2018</subfield>
    <subfield code="l">3</subfield>
    <subfield code="o">348.945DIW</subfield>
    <subfield code="p">04-B-5973</subfield>
    <subfield code="r">2024-05-29</subfield>
    <subfield code="s">2024-04-16</subfield>
    <subfield code="w">2018-02-27</subfield>
    <subfield code="y">02</subfield>
  </datafield>
  <datafield tag="952" ind1=" " ind2=" ">
    <subfield code="0">0</subfield>
    <subfield code="1">0</subfield>
    <subfield code="2">ddc</subfield>
    <subfield code="4">0</subfield>
    <subfield code="7">0</subfield>
    <subfield code="a">04</subfield>
    <subfield code="b">04</subfield>
    <subfield code="d">2018-02-27</subfield>
    <subfield code="e">WESTERN LAW HOUSE</subfield>
    <subfield code="g">625.00</subfield>
    <subfield code="i">00001407/17 24/02/2018</subfield>
    <subfield code="l">1</subfield>
    <subfield code="o">348.945DIW</subfield>
    <subfield code="p">04-B-5974</subfield>
    <subfield code="q">2018-10-02</subfield>
    <subfield code="r">2018-03-05</subfield>
    <subfield code="s">2018-03-05</subfield>
    <subfield code="w">2018-02-27</subfield>
    <subfield code="y">02</subfield>
  </datafield>
  <datafield tag="952" ind1=" " ind2=" ">
    <subfield code="0">0</subfield>
    <subfield code="1">0</subfield>
    <subfield code="2">ddc</subfield>
    <subfield code="4">0</subfield>
    <subfield code="7">0</subfield>
    <subfield code="a">04</subfield>
    <subfield code="b">04</subfield>
    <subfield code="d">2018-02-27</subfield>
    <subfield code="e">WESTERN LAW HOUSE</subfield>
    <subfield code="g">625.00</subfield>
    <subfield code="i">00001407/17 24/02/2018</subfield>
    <subfield code="l">3</subfield>
    <subfield code="o">348.945DIW</subfield>
    <subfield code="p">04-B-5975</subfield>
    <subfield code="q">2019-06-20</subfield>
    <subfield code="r">2019-04-26</subfield>
    <subfield code="s">2019-04-26</subfield>
    <subfield code="w">2018-02-27</subfield>
    <subfield code="y">02</subfield>
  </datafield>
  <datafield tag="952" ind1=" " ind2=" ">
    <subfield code="0">0</subfield>
    <subfield code="1">0</subfield>
    <subfield code="2">ddc</subfield>
    <subfield code="4">0</subfield>
    <subfield code="7">0</subfield>
    <subfield code="a">04</subfield>
    <subfield code="b">04</subfield>
    <subfield code="d">2018-02-27</subfield>
    <subfield code="e">WESTERN LAW HOUSE</subfield>
    <subfield code="g">625.00</subfield>
    <subfield code="i">00001407/17 24/02/2018</subfield>
    <subfield code="l">4</subfield>
    <subfield code="o">348.945DIW</subfield>
    <subfield code="p">04-B-5976</subfield>
    <subfield code="q">2026-07-31</subfield>
    <subfield code="r">2026-03-16</subfield>
    <subfield code="s">2026-03-16</subfield>
    <subfield code="w">2018-02-27</subfield>
    <subfield code="y">02</subfield>
  </datafield>
  <datafield tag="952" ind1=" " ind2=" ">
    <subfield code="0">0</subfield>
    <subfield code="1">0</subfield>
    <subfield code="2">ddc</subfield>
    <subfield code="4">0</subfield>
    <subfield code="7">0</subfield>
    <subfield code="a">04</subfield>
    <subfield code="b">04</subfield>
    <subfield code="d">2018-02-27</subfield>
    <subfield code="e">WESTERN LAW HOUSE</subfield>
    <subfield code="g">625.00</subfield>
    <subfield code="i">00001407/17 24/02/2018</subfield>
    <subfield code="l">2</subfield>
    <subfield code="o">348.945DIW</subfield>
    <subfield code="p">04-B-5977</subfield>
    <subfield code="r">2020-10-05</subfield>
    <subfield code="s">2020-03-20</subfield>
    <subfield code="w">2018-02-27</subfield>
    <subfield code="y">02</subfield>
  </datafield>
  <datafield tag="952" ind1=" " ind2=" ">
    <subfield code="0">0</subfield>
    <subfield code="1">0</subfield>
    <subfield code="2">ddc</subfield>
    <subfield code="4">0</subfield>
    <subfield code="7">0</subfield>
    <subfield code="a">04</subfield>
    <subfield code="b">04</subfield>
    <subfield code="d">2018-02-27</subfield>
    <subfield code="e">WESTERN LAW HOUSE</subfield>
    <subfield code="g">625.00</subfield>
    <subfield code="i">00001407/17 24/02/2018</subfield>
    <subfield code="l">7</subfield>
    <subfield code="o">348.945DIW</subfield>
    <subfield code="p">04-B-5978</subfield>
    <subfield code="r">2021-08-14</subfield>
    <subfield code="s">2021-02-16</subfield>
    <subfield code="w">2018-02-27</subfield>
    <subfield code="y">02</subfield>
  </datafield>
  <datafield tag="952" ind1=" " ind2=" ">
    <subfield code="0">0</subfield>
    <subfield code="1">0</subfield>
    <subfield code="2">ddc</subfield>
    <subfield code="4">0</subfield>
    <subfield code="7">0</subfield>
    <subfield code="a">04</subfield>
    <subfield code="b">04</subfield>
    <subfield code="d">2018-02-27</subfield>
    <subfield code="e">WESTERN LAW HOUSE</subfield>
    <subfield code="g">625.00</subfield>
    <subfield code="i">00001407/17 24/02/2018</subfield>
    <subfield code="l">3</subfield>
    <subfield code="o">348.945DIW</subfield>
    <subfield code="p">04-B-5979</subfield>
    <subfield code="r">2021-09-03</subfield>
    <subfield code="s">2021-02-19</subfield>
    <subfield code="w">2018-02-27</subfield>
    <subfield code="y">02</subfield>
  </datafield>
  <datafield tag="952" ind1=" " ind2=" ">
    <subfield code="0">0</subfield>
    <subfield code="1">0</subfield>
    <subfield code="2">ddc</subfield>
    <subfield code="4">0</subfield>
    <subfield code="7">0</subfield>
    <subfield code="a">04</subfield>
    <subfield code="b">04</subfield>
    <subfield code="d">2018-02-27</subfield>
    <subfield code="e">WESTERN LAW HOUSE</subfield>
    <subfield code="g">625.00</subfield>
    <subfield code="i">00001407/17 24/02/2018</subfield>
    <subfield code="l">2</subfield>
    <subfield code="o">348.945DIW</subfield>
    <subfield code="p">04-B-5980</subfield>
    <subfield code="q">2026-07-31</subfield>
    <subfield code="r">2026-03-23</subfield>
    <subfield code="s">2026-03-23</subfield>
    <subfield code="w">2018-02-27</subfield>
    <subfield code="y">02</subfield>
  </datafield>
</record>
